000 02103nam a2200613 i 4500
001 35666
003 KOSZ 005
005 20240405063113.0
008 231016s1978 pl a g 001 0 pol
015 _aUWD 1978/8120
035 _a991018655139705066
035 _a(PL-WaBN)b15059017-48omnis_nlop
035 _ab15059017
035 _a(OCoLC)749222452
035 _azz2003841512
035 _a(PL)b0000001505901
035 _a(EXLNZ-48OMNIS_NETWORK)9910343784005606
040 _aWA N
_cWA N
_dKOSZ 005/RW
045 _bd1939
_bd1945
046 _k1964
080 _a94(438).082
080 _a94(438).082.2
080 _a929-051(438)
245 0 0 _aWspomnienia więźniów Pawiaka /
_c[przedmowy Stanisław Płoski, Regina Domańska].
250 _aWydanie 2.
260 _aWarszawa :
_bLudowa Spółdzielnia Wydawnicza,
_c1978.
300 _a436, [4] stron, [16] kart tablic :
_bfotografie, ilustracje, portrety ;
_c25 cm.
336 _aTekst
_btxt
_2rdacontent
337 _aBez urządzenia pośredniczącego
_bn
_2rdamedia
338 _aWolumin
_bnc
_2rdacarrier
380 _aKsiążki
380 _aLiteratura faktu, eseje, publicystyka
388 1 _a1901-2000
388 1 _a1945-1989
504 _aIndeks.
610 2 7 _aWięzienie Pawiak
_2DBN
648 7 _a1901-2000
_2DBN
648 7 _a1939-1945
_2DBN
650 7 _aII wojna światowa (1939-1945)
_2DBN
650 7 _aNiemcy (naród)
_2DBN
650 7 _aRuch oporu
_2DBN
650 7 _aWięziennictwo
_2DBN
651 7 _aPolska
_2DBN
651 7 _aWarszawa (woj. mazowieckie)
_2DBN
655 7 _aAntologia
_2DBN
655 7 _aPamiętniki polskie
_2DBN
658 _aHistoria
700 1 _aDomańska, Regina
_d(?-2004)
_ePrzedmowa
700 1 _aPłoski, Stanisław
_d(1899-1966)
_ePrzedmowa
710 2 _aLudowa Spółdzielnia Wydawnicza
_4pbl
856 _uhttp://koha.tu.koszalin.pl/cgi-bin/koha/opac-detail.pl?biblionumber=35666
_yKatalog online BPK
942 _2UKD
_cKS
999 _c35666
_d35666